[Event "4MCRV_F"]
[Site "?"]
[Date "2004.??.??"]
[Round "?"]
[White "Pytlik, Lesek"]
[Black "Pravec, Ladislav"]
[Result "1/2-1/2"]
[WhiteElo "2361"]
[BlackElo "2350"]
[PlyCount "61"]
[EventDate "2004.??.??"]
[EventType "corr"]
[SourceDate "2004.06.03"]

1. e4 c5 2. Nf3 Nc6 3. Bb5 g6 4. Bxc6 dxc6 5. d3 Bg7 6. h3 Nf6 7. O-O O-O 8. a4
Ne8 9. e5 Nc7 10. a5 Ne6 11. Be3 Qc7 12. Qd2 Rd8 13. Qc3 Rd5 14. Re1 Bxe5 15.
Nxe5 Qxe5 16. Nd2 Qxc3 17. bxc3 Rb8 18. Reb1 Rd7 19. f4 b5 20. g4 a6 21. Kf2 f6
22. Ne4 c4 23. dxc4 Kf7 24. Ra2 Ra8 25. Nd2 Nc5 26. cxb5 cxb5 27. Rb4 Rc7 28.
c4 bxc4 29. Bxc5 Rxc5 30. Rxc4 Rd5 31. Ne4 1/2-1/2

[Event "4MCRV_F"]
[Site "?"]
[Date "2004.??.??"]
[Round "?"]
[White "Pytlik, Lesek"]
[Black "Schwarz, Jan"]
[Result "1-0"]
[WhiteElo "2304"]
[BlackElo "2270"]
[PlyCount "98"]
[EventDate "2004.??.??"]
[EventType "corr"]
[SourceDate "2004.06.03"]

1. e4 c5 2. Nf3 d6 3. d4 cxd4 4. Nxd4 Nf6 5. Nc3 a6 6. Bg5 e6 7. f4 Qb6 8. Nb3
Be7 9. Qf3 Nbd7 10. O-O-O Qc7 11. Bd3 b5 12. Kb1 b4 13. Ne2 O-O 14. g4 a5 15.
Bxf6 Nxf6 16. Nbd4 a4 17. g5 Ne8 18. h4 Bb7 19. h5 Qc5 20. Qh3 Nc7 21. g6 h6
22. gxf7+ Kxf7 23. Rhe1 Bf6 24. e5 dxe5 25. fxe5 Bxe5 26. Nf4 Qxd4 27. Bg6+ Kg8
28. Rxd4 Bxd4 29. Bh7+ Kxh7 30. Qd3+ Kg8 31. Qxd4 b3 32. cxb3 axb3 33. axb3 Bf3
34. Rg1 Rf7 35. b4 Rb8 36. Rg3 Bd5 37. Qe3 Bc6 38. Nd3 Bd5 39. Kc2 Bc4 40. Ne5
Nd5 41. Qd4 Rf4 42. Rxg7+ Kxg7 43. Qg1+ Kf6 44. Nd7+ Kf7 45. Nxb8 Rg4 46. Qa7+
Kf6 47. Nd7+ Kf5 48. Qf2+ Rf4 49. Qg3 Nxb4+ 1-0

[Event "4MCRV_F"]
[Site "?"]
[Date "2004.??.??"]
[Round "?"]
[White "Pytlik, Lesek"]
[Black "Vondracek, Emil"]
[Result "1-0"]
[WhiteElo "2361"]
[BlackElo "2286"]
[PlyCount "79"]
[EventDate "2004.??.??"]
[EventType "corr"]
[SourceDate "2004.06.03"]

1. d3 e5 2. g3 d5 3. Nf3 Nc6 4. Bg2 Nf6 5. O-O Be7 6. Nbd2 O-O 7. e4 dxe4 8.
dxe4 h6 9. c3 Be6 10. Qe2 Qc8 11. Nc4 Nd7 12. b4 Bf6 13. a4 a6 14. Rd1 Ne7 15.
Be3 b6 16. Nfd2 Rd8 17. Rac1 Nf8 18. a5 b5 19. Nb2 Nc6 20. Nd3 Be7 21. f4 exf4
22. gxf4 Bg4 23. Nf3 Qe6 24. Qf2 Rac8 25. Rd2 Qb3 26. Rb2 Qc4 27. Nde5 Nxe5 28.
Nxe5 Qe6 29. Bd4 c5 30. bxc5 Ng6 31. Nd3 Qc4 32. Bf1 Bh4 33. Qe3 f5 34. h3 Bh5
35. exf5 Ne7 36. Ne5 Qa4 37. Ng4 Bxg4 38. hxg4 Kf8 39. Rh2 Qa3 40. Rxh4 1-0

[Event "4MCRV_F"]
[Site "?"]
[Date "2004.??.??"]
[Round "?"]
[White "Pytlik, Lesek"]
[Black "Vozda, Jindrich"]
[Result "1/2-1/2"]
[WhiteElo "2361"]
[BlackElo "2494"]
[PlyCount "48"]
[EventDate "2004.??.??"]
[EventType "corr"]
[SourceDate "2004.06.03"]

1. e4 e5 2. Nf3 Nc6 3. Bc4 Nf6 4. Ng5 d5 5. exd5 Na5 6. Bb5+ Bd7 7. Qe2 Be7 8.
Nf3 Nxd5 9. Bxd7+ Qxd7 10. Nxe5 Qe6 11. d4 O-O-O 12. Bd2 Nb4 13. Be3 Nac6 14.
Nxc6 Qxc6 15. Nc3 Qxg2 16. O-O-O Nd5 17. Nxd5 Qxd5 18. c4 Qa5 19. Kb1 g6 20.
Qf3 Qa6 21. b3 f5 22. h4 Rhf8 23. d5 Kb8 24. h5 f4 1/2-1/2

[Event "4MCRV_F"]
[Site "?"]
[Date "2004.??.??"]
[Round "?"]
[White "Schwarz, Jan"]
[Black "Brousek, Jiri"]
[Result "1-0"]
[WhiteElo "2270"]
[BlackElo "2361"]
[PlyCount "97"]
[EventDate "2004.??.??"]
[EventType "corr"]
[SourceDate "2004.06.03"]

1. e4 e6 2. d4 d5 3. Nd2 dxe4 4. Nxe4 Bd7 5. Nf3 Bc6 6. Bd3 Nd7 7. O-O Ngf6 8.
Ng3 Be7 9. c4 O-O 10. Bf4 b6 11. Qe2 Bb7 12. Rad1 Re8 13. Ne5 Nf8 14. Bg5 Ng6
15. Bc2 Nd7 16. Be3 Ndxe5 17. dxe5 Qb8 18. Qh5 c5 19. f4 Bc6 20. b3 Qc7 21.
Rde1 Bf8 22. Bc1 Rad8 23. Re3 b5 24. Ne4 Bxe4 25. Rxe4 Ne7 26. cxb5 g6 27. Qh3
Nf5 28. Rc4 Nd4 29. a4 Rd7 30. Be4 Ne2+ 31. Kh1 Nxc1 32. Rfxc1 Red8 33. Qf3 Rd2
34. h4 R8d4 35. Rxd4 Rxd4 36. g3 Qd7 37. h5 Qd8 38. hxg6 hxg6 39. Rc2 Rd1+ 40.
Kg2 Qd4 41. a5 Rg1+ 42. Kh2 Re1 43. Re2 Ra1 44. b6 Rxa5 45. b7 Rb5 46. Ra2 a5
47. Qe2 Rxb3 48. Rd2 Qc3 49. Rd3 1-0

[Event "4MCRV_F"]
[Site "?"]
[Date "2004.??.??"]
[Round "?"]
[White "Schwarz, Jan"]
[Black "Dedina, Miroslav"]
[Result "1/2-1/2"]
[WhiteElo "2270"]
[BlackElo "2297"]
[PlyCount "74"]
[EventDate "2004.??.??"]
[EventType "corr"]
[SourceDate "2004.06.03"]

1. e4 e5 2. Nf3 Nc6 3. Bb5 a6 4. Ba4 Nf6 5. O-O b5 6. Bb3 Bb7 7. d3 Bc5 8. Nc3
O-O 9. a4 Na5 10. axb5 Nxb3 11. cxb3 axb5 12. Rxa8 Bxa8 13. Nxe5 d5 14. Bg5
dxe4 15. dxe4 Qxd1 16. Rxd1 b4 17. Nd3 bxc3 18. Nxc5 Nxe4 19. Nxe4 Bxe4 20.
bxc3 f6 21. Be3 Bc2 22. Rd7 Bxb3 23. Rxc7 Rf7 24. Rc8+ Rf8 25. Rc5 Ra8 26. h4
Kf8 27. Rc7 Be6 28. Bc5+ Kg8 29. Bd4 Rc8 30. Re7 Bf7 31. Kh2 Kf8 32. Ra7 Rd8
33. g4 h5 34. f3 Rd5 35. Kg3 Be6 36. Rc7 hxg4 37. fxg4 Rd7 1/2-1/2

[Event "4MCRV_F"]
[Site "?"]
[Date "2004.??.??"]
[Round "?"]
[White "Schwarz, Jan"]
[Black "Hladecek, Miloslav"]
[Result "1/2-1/2"]
[WhiteElo "2270"]
[BlackElo "2283"]
[PlyCount "41"]
[EventDate "2004.??.??"]
[EventType "corr"]
[SourceDate "2004.06.03"]

1. e4 e6 2. d4 d5 3. Nd2 c5 4. Ngf3 cxd4 5. exd5 Qxd5 6. Bc4 Qh5 7. O-O Nc6 8.
Nb3 Bd7 9. Nfxd4 Qxd1 10. Rxd1 Nxd4 11. Nxd4 Nf6 12. Bf4 Bc5 13. c3 Rc8 14. Be2
Nd5 15. Bg3 Ne7 16. Nb3 Bb6 17. a4 Nf5 18. Bf4 Bc7 19. Bxc7 Rxc7 20. Bd3 Nd6
21. a5 1/2-1/2

[Event "4MCRV_F"]
[Site "?"]
[Date "2004.??.??"]
[Round "?"]
[White "Schwarz, Jan"]
[Black "Kuta, Jiri"]
[Result "1/2-1/2"]
[WhiteElo "2270"]
[BlackElo "2322"]
[PlyCount "96"]
[EventDate "2004.??.??"]
[EventType "corr"]
[SourceDate "2004.06.03"]

1. e4 c5 2. Nf3 Nc6 3. d4 cxd4 4. Nxd4 Nf6 5. Nc3 e5 6. Ndb5 d6 7. Nd5 Nxd5 8.
exd5 Nb8 9. Be3 a6 10. Na3 Nd7 11. Qd2 Be7 12. Nc4 a5 13. a4 O-O 14. Be2 f5 15.
f4 exf4 16. Bxf4 Nc5 17. O-O b6 18. b3 Ne4 19. Qd3 Ba6 20. Qh3 Bf6 21. Rae1
Bd4+ 22. Be3 Qf6 23. Bxd4 Qxd4+ 24. Qe3 Qc5 25. Qxc5 bxc5 26. Bd3 Bxc4 27. bxc4
Rab8 28. g4 g6 29. gxf5 gxf5 30. Rb1 Nd2 31. Rxb8 Rxb8 32. Rxf5 Rb4 33. Rf4
Rxa4 34. Kf2 Rb4 35. Ke3 Nb1 36. Rg4+ Kf8 37. Rh4 Rb7 38. Rh6 a4 39. Rxd6 Re7+
40. Kf2 Ra7 41. Rc6 a3 42. d6 a2 43. Rc8+ Kg7 44. Rc7+ Rxc7 45. dxc7 a1=Q 46.
c8=Q Qf6+ 47. Qf5 Qxf5+ 48. Bxf5 h6 1/2-1/2

[Event "4MCRV_F"]
[Site "?"]
[Date "2004.??.??"]
[Round "?"]
[White "Schwarz, Jan"]
[Black "Pravec, Ladislav"]
[Result "1/2-1/2"]
[WhiteElo "2270"]
[BlackElo "2350"]
[PlyCount "60"]
[EventDate "2004.??.??"]
[EventType "corr"]
[SourceDate "2004.06.03"]

1. e4 c5 2. Nf3 Nc6 3. d4 cxd4 4. Nxd4 Nf6 5. Nc3 d6 6. Bg5 Qb6 7. Nb3 e6 8.
Bf4 Ne5 9. Be3 Qc7 10. f4 Nc6 11. g4 d5 12. e5 Nd7 13. Nb5 Qb8 14. g5 a6 15.
N5d4 Qc7 16. c3 Nb6 17. Bf2 Bd7 18. Bd3 Nxd4 19. Nxd4 Nc4 20. Qc2 Qb6 21. Rb1
Bc5 22. Qe2 Qc7 23. Rd1 Na5 24. O-O Nc6 25. Nb3 Be7 26. Be3 Na5 27. Nxa5 Qxa5
28. Ra1 g6 29. Rf3 h6 30. Rh3 h5 1/2-1/2

[Event "4MCRV_F"]
[Site "?"]
[Date "2004.??.??"]
[Round "?"]
[White "Schwarz, Jan"]
[Black "Sykora, Josef"]
[Result "1/2-1/2"]
[WhiteElo "2270"]
[BlackElo "2399"]
[PlyCount "88"]
[EventDate "2004.??.??"]
[EventType "corr"]
[SourceDate "2004.06.03"]

1. e4 e6 2. d4 d5 3. Nd2 dxe4 4. Nxe4 Nd7 5. Nf3 Ngf6 6. Nxf6+ Nxf6 7. Bd3 c5
8. O-O cxd4 9. Nxd4 Bc5 10. Be3 Bb6 11. Qe1 Bd7 12. a4 Ng4 13. a5 Bc7 14. f4
O-O 15. Bd2 e5 16. fxe5 Bxe5 17. Nf3 Bxb2 18. Rb1 Re8 19. Qg3 Bf6 20. Rxb7 Bc6
21. Rb3 Ne5 22. Nxe5 Qd4+ 23. Qf2 Qxf2+ 24. Rxf2 Bxe5 25. Bc4 Re7 26. Re3 Be8
27. Bd5 Rb8 28. Re1 Kf8 29. Rfe2 Bd6 30. Rxe7 Bxe7 31. Kf2 Bc5+ 32. Kf3 Bd7 33.
g4 h6 34. Be4 Be6 35. h4 Rd8 36. Bc3 Be7 37. h5 Rc8 38. Bd4 Bc5 39. Rd1 Bxd4
40. Rxd4 Ke7 41. Bd3 Rc5 42. a6 Ra5 43. Rb4 Kd6 44. Kf4 Bc8 1/2-1/2

[Event "4MCRV_F"]
[Site "?"]
[Date "2004.??.??"]
[Round "?"]
[White "Schwarz, Jan"]
[Black "Valak, Alois"]
[Result "1/2-1/2"]
[WhiteElo "2270"]
[BlackElo "2250"]
[PlyCount "89"]
[EventDate "2004.??.??"]
[EventType "corr"]
[SourceDate "2004.06.03"]

1. e4 c5 2. Nf3 Nc6 3. d4 cxd4 4. Nxd4 Nf6 5. Nc3 d6 6. Bg5 e6 7. Qd2 Be7 8.
O-O-O O-O 9. Nb3 a6 10. Bxf6 Bxf6 11. Qxd6 Qb6 12. Qc5 Qc7 13. Kb1 Be7 14. Qe3
b5 15. f4 Bb7 16. e5 Nb4 17. Be2 Nxc2 18. Kxc2 b4 19. Bf3 Bxf3 20. Qxf3 a5 21.
Kb1 bxc3 22. Qxc3 Qb6 23. Rd7 Bb4 24. Qf3 Rab8 25. a4 Rfc8 26. Nd4 Bf8 27. Nb5
Rc4 28. b3 Rcc8 29. Rhd1 Qc5 30. Qd3 Qf2 31. Qd2 Qb6 32. h4 Rc5 33. Rd3 Rcc8
34. h5 Bb4 35. Qe2 Rd8 36. Rxd8+ Rxd8 37. Rxd8+ Qxd8 38. Kc2 Qb6 39. Qf3 Qc5+
40. Kb2 g6 41. hxg6 hxg6 42. Nc3 Bxc3+ 43. Qxc3 Qf2+ 44. Ka3 Qxf4 45. g3
1/2-1/2

[Event "4MCRV_F"]
[Site "?"]
[Date "2004.??.??"]
[Round "?"]
[White "Schwarz, Jan"]
[Black "Vondracek, Emil"]
[Result "1/2-1/2"]
[WhiteElo "2270"]
[BlackElo "2286"]
[PlyCount "108"]
[EventDate "2004.??.??"]
[EventType "corr"]
[SourceDate "2004.06.03"]

1. e4 e5 2. Nf3 Nf6 3. Nxe5 d6 4. Nf3 Nxe4 5. d4 d5 6. Bd3 Be7 7. O-O Bg4 8. c4
O-O 9. cxd5 Nf6 10. Nc3 Nxd5 11. Be4 c6 12. Qb3 Nb6 13. d5 cxd5 14. Nxd5 Nxd5
15. Bxd5 Nc6 16. Be3 Na5 17. Qa4 Qxd5 18. Qxg4 f5 19. Qa4 Nc4 20. Bd4 Nb6 21.
Qd1 Bc5 22. Bxc5 Qxc5 23. Re1 Rae8 24. a4 Qa5 25. b3 Rxe1+ 26. Qxe1 Qxe1+ 27.
Rxe1 Rd8 28. h4 Nd5 29. Rd1 g6 30. g3 Rd6 31. Ne5 Kg7 32. Nc4 Rd7 33. Na5 b6
34. Nc6 a5 35. Ne5 Rd6 36. Nc4 Rd7 37. Re1 Rd8 38. Re6 Rb8 39. Rd6 Nc3 40. Rd7+
Kh8 41. h5 gxh5 42. Rd3 Ne4 43. Rd5 f4 44. gxf4 h4 45. Kh2 Nxf2 46. Kg2 Ne4 47.
Rb5 Rg8+ 48. Kh3 Rg6 49. Re5 Nc5 50. f5 Rh6 51. Nxb6 Nd3 52. Re8+ Kg7 53. Nc4
Nf2+ 54. Kh2 Ng4+ 1/2-1/2

[Event "4MCRV_F"]
[Site "?"]
[Date "2004.??.??"]
[Round "?"]
[White "Splichal, Josef"]
[Black "Bucek, Jiri"]
[Result "0-1"]
[WhiteElo "2279"]
[BlackElo "2336"]
[PlyCount "54"]
[EventDate "2004.??.??"]
[EventType "corr"]
[SourceDate "2004.06.03"]

1. e4 e5 2. Nf3 Nc6 3. Bb5 a6 4. Ba4 Nf6 5. O-O Be7 6. Re1 b5 7. Bb3 d6 8. c3
O-O 9. h3 Bb7 10. d4 Re8 11. Nbd2 Bf8 12. Ng5 Re7 13. d5 Nb8 14. Nf1 h6 15. Nf3
c6 16. dxc6 Nxc6 17. Ne3 Re8 18. Nd5 Na5 19. Bc2 Nc4 20. Nh2 Nxd5 21. exd5 g6
22. b3 Nb6 23. Ng4 h5 24. Nh6+ Bxh6 25. Bxh6 Nxd5 26. Re3 Nxe3 27. Bxe3 Rc8 0-1

[Event "4MCRV_F"]
[Site "?"]
[Date "2004.??.??"]
[Round "?"]
[White "Splichal, Josef"]
[Black "Kostal, Jindrich"]
[Result "1-0"]
[WhiteElo "2279"]
[BlackElo "2390"]
[PlyCount "121"]
[EventDate "2004.??.??"]
[EventType "corr"]
[SourceDate "2004.06.03"]

1. e4 e5 2. Nf3 Nc6 3. Bb5 a6 4. Ba4 Nf6 5. d4 exd4 6. O-O Be7 7. Re1 O-O 8. e5
Ne8 9. c3 dxc3 10. Nxc3 d6 11. exd6 Nxd6 12. Bf4 b5 13. Nd5 Be6 14. Bb3 Qd7 15.
Rc1 Rae8 16. a3 Bd8 17. Nb6 cxb6 18. Qxd6 Qxd6 19. Bxd6 Bxb3 20. Bxf8 Kxf8 21.
Rxe8+ Kxe8 22. Rxc6 Bd5 23. Rc3 Bf6 24. Re3+ Kd7 25. Ne5+ Kd6 26. f4 g5 27. g3
Bg7 28. Kf2 h6 29. Rc3 Bf6 30. Rc8 h5 31. b4 h4 32. Ke3 hxg3 33. hxg3 gxf4+ 34.
gxf4 a5 35. Rg8 axb4 36. axb4 Bc4 37. Kd4 Ke6 38. Re8+ Kf5 39. Ke3 Be6 40. Nd3
Bc4 41. Rb8 Ba1 42. Rxb6 Bf6 43. Rc6 Bc3 44. Rb6 Bg7 45. Rc6 Bc3 46. Rh6 f6 47.
Rh5+ Ke6 48. Nc5+ Kf7 49. Na6 Kg6 50. Rh1 Kf5 51. Rb1 Kg6 52. Nc5 f5 53. Nd3
Kh7 54. Rh1+ Kg7 55. Rc1 Bf6 56. Ne5 Bb3 57. Rc7+ Kg8 58. Nc6 Bc4 59. Ne7+ Kf8
60. Nxf5 Bf1 61. Rc8+ 1-0

[Event "4MCRV_F"]
[Site "?"]
[Date "2004.??.??"]
[Round "?"]
[White "Splichal, Josef"]
[Black "Kuchta, Jiri"]
[Result "1/2-1/2"]
[WhiteElo "2279"]
[BlackElo "2284"]
[PlyCount "60"]
[EventDate "2004.??.??"]
[EventType "corr"]
[SourceDate "2004.06.03"]

1. e4 c5 2. Nf3 Nc6 3. d4 cxd4 4. Nxd4 d5 5. exd5 Qxd5 6. Be3 Nf6 7. Nc3 Qa5 8.
Bb5 Bd7 9. O-O Qc7 10. Bxc6 bxc6 11. Qf3 Rc8 12. Bf4 Qb6 13. Nb3 Bg4 14. Qg3
Bf5 15. Rfd1 e6 16. Be5 Bxc2 17. Rd2 Bg6 18. Rad1 Be7 19. Bd6 Bxd6 20. Qxd6 Nd5
21. Rc1 Rd8 22. Qa3 Nxc3 23. Rxc3 Be4 24. Rc4 Bd5 25. Ra4 Rd7 26. Nc5 Re7 27.
Ne4 Bxe4 28. Rxe4 Qc7 29. Red4 O-O 30. Qc5 Ree8 1/2-1/2

[Event "4MCRV_F"]
[Site "?"]
[Date "2004.??.??"]
[Round "?"]
[White "Splichal, Josef"]
[Black "Nosek, Jaroslav"]
[Result "0-1"]
[WhiteElo "2279"]
[BlackElo "2297"]
[PlyCount "112"]
[EventDate "2004.??.??"]
[EventType "corr"]
[SourceDate "2004.06.03"]

1. e4 c5 2. Nf3 Nc6 3. d4 cxd4 4. Nxd4 Nf6 5. Nc3 e5 6. Ndb5 d6 7. Bg5 a6 8.
Na3 b5 9. Bxf6 gxf6 10. Nd5 f5 11. Bd3 Be6 12. Qh5 Rg8 13. g3 h6 14. c3 Bxd5
15. exd5 Ne7 16. O-O-O Qb6 17. Qe2 Rc8 18. Kb1 Bg7 19. Rhe1 Kf8 20. f3 Rc5 21.
Nc2 Qb7 22. Ne3 Qd7 23. Qc2 f4 24. gxf4 exf4 25. Nf5 Nxd5 26. Be4 Ne3 27. Nxe3
fxe3 28. Rxe3 Be5 29. f4 Bxf4 30. Rf3 Be5 31. Bd5 Rg7 32. Qf2 Qe7 33. Bb3 a5
34. Bd5 f6 35. Rfd3 b4 36. c4 Rg5 37. h4 Rg4 38. Re3 h5 39. Qf5 Qe8 40. Qd3 Qg6
41. Be4 Qg7 42. Rf1 Rxh4 43. Re2 Rg4 44. Ree1 h4 45. Qb3 Qg5 46. Qd3 a4 47. Qc2
h3 48. Bd5 h2 49. Qxa4 Rxd5 50. cxd5 Rg2 51. Qxb4 Rxb2+ 52. Qxb2 Bxb2 53. Kxb2
Qd2+ 54. Kb1 Kf7 55. Rd1 Qg2 56. a3 Kg6 0-1

[Event "4MCRV_F"]
[Site "?"]
[Date "2004.??.??"]
[Round "?"]
[White "Splichal, Josef"]
[Black "Priesol, Daniel"]
[Result "1/2-1/2"]
[WhiteElo "2279"]
[BlackElo "2304"]
[PlyCount "100"]
[EventDate "2004.??.??"]
[EventType "corr"]
[SourceDate "2004.06.03"]

1. e4 e5 2. Nf3 Nf6 3. d4 Nxe4 4. Bd3 d5 5. Nxe5 Nd7 6. Nxd7 Bxd7 7. O-O Qh4 8.
c4 O-O-O 9. c5 g5 10. Nc3 Bg7 11. Ne2 Rhe8 12. f3 Nf6 13. Bd2 Ng8 14. Kh1 Ne7
15. Qb3 f5 16. Rad1 f4 17. Be1 Qh6 18. Qc2 Kb8 19. b4 g4 20. Bd2 Ng6 21. fxg4
Bxg4 22. Rde1 Bxe2 23. Rxe2 Rxe2 24. Bxe2 Bxd4 25. c6 Be3 26. Be1 b6 27. Qa4
Ne5 28. b5 Ka8 29. Qa3 Qg5 30. g3 d4 31. gxf4 Bxf4 32. Bg3 Ng6 33. Qa6 Rb8 34.
Qa3 Bxg3 35. Qxg3 Qd5+ 36. Bf3 Qxb5 37. Bg2 Qe5 38. Rf7 Re8 39. Qd3 b5 40. Rf5
Qe6 41. Qxb5 Rb8 42. Qf1 Qxa2 43. Be4 Qb3 44. Rf7 Qe6 45. Bg2 Qe5 46. h3 Qg3
47. Rf3 Qd6 48. Rf6 Qe7 49. Rf7 Qe5 50. Rf5 Qg3 1/2-1/2

[Event "4MCRV_F"]
[Site "?"]
[Date "2004.??.??"]
[Round "?"]
[White "Splichal, Josef"]
[Black "Pytlik, Lesek"]
[Result "1/2-1/2"]
[WhiteElo "2279"]
[BlackElo "2361"]
[PlyCount "107"]
[EventDate "2004.??.??"]
[EventType "corr"]
[SourceDate "2004.06.03"]

1. e4 e6 2. d4 d5 3. Nd2 c5 4. exd5 Qxd5 5. Ngf3 cxd4 6. Bc4 Qd6 7. O-O Nf6 8.
Nb3 Nc6 9. Nbxd4 Nxd4 10. Nxd4 a6 11. Re1 Qc7 12. Bd3 Bd6 13. g3 O-O 14. Bg5
Be5 15. c3 h6 16. Bxf6 Bxf6 17. Qe2 Bd7 18. Qe4 g6 19. Qf3 Bg7 20. Be4 Rab8 21.
Rad1 e5 22. Ne2 Rfd8 23. Bd5 Bc6 24. c4 Bxd5 25. cxd5 b5 26. g4 Qc2 27. Ng3
Qxb2 28. Re2 Qb4 29. Ne4 Qc4 30. Red2 b4 31. Rb1 a5 32. d6 a4 33. Rdb2 Rf8 34.
g5 hxg5 35. Qg4 Qd3 36. Rd1 Qa3 37. Qe2 Qh3 38. Nxg5 Qh4 39. Ne4 Rfd8 40. f3
Bf8 41. Qc4 Bh6 42. Rg2 Kg7 43. Rg4 Qh3 44. Qc5 Qxf3 45. Qxe5+ f6 46. Qe7+ Kh8
47. Qxf6+ Qxf6 48. Nxf6 b3 49. axb3 axb3 50. Rxg6 b2 51. Kg2 b1=Q 52. Rxb1 Rxb1
53. Rxh6+ Kg7 54. Ng4 1/2-1/2

[Event "4MCRV_F"]
[Site "?"]
[Date "2004.??.??"]
[Round "?"]
[White "Splichal, Josef"]
[Black "Schwarz, Jan"]
[Result "1/2-1/2"]
[WhiteElo "2279"]
[BlackElo "2270"]
[PlyCount "107"]
[EventDate "2004.??.??"]
[EventType "corr"]
[SourceDate "2004.06.03"]

1. e4 c5 2. Nf3 d6 3. d4 cxd4 4. Nxd4 Nf6 5. Nc3 a6 6. Be2 e6 7. O-O Be7 8. Qd3
b5 9. Qg3 b4 10. Nd1 Nxe4 11. Qxg7 Bf6 12. Qg4 d5 13. Be3 h5 14. Qf3 Nd7 15.
Bd3 Nec5 16. Be2 Ne5 17. Qh3 Ng6 18. f4 Ne4 19. Nc6 Qd6 20. Ne5 Nxe5 21. fxe5
Bxe5 22. Nf2 Nxf2 23. Rxf2 Bxb2 24. Raf1 f6 25. c4 Bc3 26. cxd5 exd5 27. Qh4
Qe5 28. Bc5 Qg5 29. Qxg5 fxg5 30. Rf7 Kd8 31. Bb6+ Ke8 32. Bd1 Bd7 33. Bxh5
Rxh5 34. Rf8+ Ke7 35. Rxa8 Kd6 36. Rc1 d4 37. Rxa6 Bb5 38. Ra8 g4 39. Rd8+ Bd7
40. Rf1 Rd5 41. Rg8 Kc6 42. Ba7 Kb5 43. Rf6 Kc4 44. Rb8 Kd3 45. Rf7 Bb5 46. Rc7
Ke2 47. Re7+ Kd1 48. Reb7 Be2 49. Rxb4 Bxb4 50. Rxb4 Rf5 51. g3 d3 52. Be3 Ke1
53. h3 Rf1+ 54. Kh2 1/2-1/2

[Event "4MCRV_F"]
[Site "?"]
[Date "2004.??.??"]
[Round "?"]
[White "Splichal, Josef"]
[Black "Vozda, Jindrich"]
[Result "1/2-1/2"]
[WhiteElo "2279"]
[BlackElo "2494"]
[PlyCount "134"]
[EventDate "2004.??.??"]
[EventType "corr"]
[SourceDate "2004.06.03"]

1. e4 e5 2. Nf3 Nc6 3. Bb5 a6 4. Ba4 Nf6 5. d4 exd4 6. O-O Be7 7. Re1 b5 8. Bb3
d6 9. Bd5 Nxd5 10. exd5 Ne5 11. Nxd4 O-O 12. a4 Bg4 13. Qd2 Bd7 14. Nc3 bxa4
15. Nxa4 Re8 16. Nc3 Qc8 17. b3 Qb7 18. Bb2 f5 19. f4 Ng6 20. Nf3 Bf6 21. Na4
Bxa4 22. Bxf6 Bxb3 23. cxb3 gxf6 24. Qc3 Nxf4 25. Qxf6 Qxd5 26. Qg5+ Ng6 27.
Kh1 Qf7 28. Rxe8+ Rxe8 29. b4 Qc4 30. Qxf5 Qxb4 31. Qd5+ Kg7 32. Qc6 Re7 33.
Qxa6 Ne5 34. Rg1 Qf4 35. Nxe5 Qxe5 36. Qa4 h5 37. Rf1 d5 38. Qc2 d4 39. Qf2 c5
40. h3 Kh7 41. Qc2+ Kh6 42. Rf5 Qg3 43. Rf1 Qg5 44. Qb1 Qe5 45. Qc2 h4 46. Qf2
Qg5 47. Qc2 Kg7 48. Qb3 Ra7 49. Qe6 Rb7 50. Qe8 Qe7 51. Qh5 Rb6 52. Rc1 d3 53.
Qd5 Rd6 54. Qxc5 d2 55. Qc3+ Kg6 56. Qc2+ Kh6 57. Rd1 Qe3 58. Kh2 Kg5 59. Qc8
Qf4+ 60. Kh1 Qf6 61. Qc5+ Kg6 62. Qe3 Qg5 63. Qe4+ Kg7 64. Qb7+ Kg8 65. Qb3+
Rd5 66. Qc4 Kg7 67. Qc7+ Kg6 1/2-1/2

[Event "4MCRV_F"]
[Site "?"]
[Date "2004.??.??"]
[Round "?"]
[White "Sykora, Josef"]
[Black "Bucek, Jiri"]
[Result "1/2-1/2"]
[WhiteElo "2399"]
[BlackElo "2336"]
[PlyCount "91"]
[EventDate "2004.??.??"]
[EventType "corr"]
[SourceDate "2004.06.03"]

1. c4 e5 2. Nc3 Nf6 3. Nf3 Nc6 4. g3 Bb4 5. Bg2 O-O 6. O-O Bxc3 7. bxc3 Re8 8.
d3 e4 9. Nd4 h6 10. dxe4 Nxe4 11. Qc2 d5 12. cxd5 Qxd5 13. Rd1 Bf5 14. Qb2 Nxd4
15. cxd4 Qc4 16. Be3 Qa6 17. Bf4 Rac8 18. Rac1 c6 19. f3 Ng5 20. e4 Be6 21. Be3
b5 22. Rc2 Bc4 23. Ra1 Rcd8 24. Qc3 Qa4 25. Rd2 Re7 26. Rb2 Rc7 27. Rb4 Qa6 28.
a4 Qc8 29. Rbb1 a6 30. axb5 axb5 31. h4 Ne6 32. f4 Nf8 33. f5 Nh7 34. g4 Re7
35. e5 h5 36. Bh3 hxg4 37. Bxg4 Qc7 38. Re1 Nf6 39. Bf3 Nd5 40. Bxd5 Bxd5 41.
Bd2 Qd7 42. Qg3 Qxf5 43. Bg5 Ree8 44. Bxd8 Rxd8 45. Re2 Qh5 46. Rf2 1/2-1/2

[Event "4MCRV_F"]
[Site "?"]
[Date "2004.??.??"]
[Round "?"]
[White "Sykora, Josef"]
[Black "Kostal, Jindrich"]
[Result "1/2-1/2"]
[WhiteElo "2399"]
[BlackElo "2390"]
[PlyCount "66"]
[EventDate "2004.??.??"]
[EventType "corr"]
[SourceDate "2004.06.03"]

1. c4 Nf6 2. Nf3 g6 3. g3 Bg7 4. Bg2 d5 5. d4 dxc4 6. Na3 c5 7. O-O Nc6 8. dxc5
Qa5 9. Nd4 O-O 10. Nxc6 bxc6 11. Nxc4 Qxc5 12. b3 Qh5 13. Bb2 Bh3 14. Bxh3 Qxh3
15. f3 a5 16. a4 Rfd8 17. Qc2 Qh5 18. e4 Qc5+ 19. Kg2 Nd7 20. Rac1 Bxb2 21.
Qxb2 Qb4 22. Qc3 Nc5 23. Ne5 Rd2+ 24. Kh3 Nxb3 25. Nxc6 Qxc3 26. Rxc3 Nd4 27.
Nxe7+ Kg7 28. Rc8 Rxc8 29. Nxc8 h5 30. f4 f6 31. Nd6 Ne6 32. e5 fxe5 33. Nc4
Re2 1/2-1/2

[Event "4MCRV_F"]
[Site "?"]
[Date "2004.??.??"]
[Round "?"]
[White "Sykora, Josef"]
[Black "Kuchta, Jiri"]
[Result "1-0"]
[WhiteElo "2399"]
[BlackElo "2284"]
[PlyCount "119"]
[EventDate "2004.??.??"]
[EventType "corr"]
[SourceDate "2004.06.03"]

1. c4 Nf6 2. Nf3 e6 3. d4 d5 4. Nc3 c6 5. Bg5 Nbd7 6. cxd5 exd5 7. e3 Be7 8.
Bd3 O-O 9. Qc2 h6 10. Bh4 Re8 11. O-O Ne4 12. Bxe7 Qxe7 13. Rab1 Nb6 14. a4 Bf5
15. a5 Nc4 16. a6 Rab8 17. Rfc1 bxa6 18. Nxe4 Bxe4 19. Bxe4 Qxe4 20. Qxe4 Rxe4
21. b3 Na5 22. Nd2 Re7 23. Kf1 Rb6 24. Ke2 Nb7 25. Rc2 Re6 26. Rbc1 Kf8 27. Kd3
h5 28. Rc3 a5 29. f3 Rd6 30. g3 Ke7 31. e4 dxe4+ 32. fxe4 Rb4 33. Rc4 c5 34. d5
Rf6 35. Rxb4 axb4 36. Ra1 a5 37. Ke3 Ra6 38. Nc4 Kd7 39. e5 f6 40. e6+ Ke7 41.
h3 Ra8 42. g4 h4 43. Kd3 g6 44. Nb6 Rg8 45. Kc4 f5 46. gxf5 gxf5 47. Kb5 f4 48.
Kc6 Nd8+ 49. Kxc5 f3 50. Nc8+ Kf6 51. Nd6 Nxe6+ 52. dxe6 Kxe6 53. Re1+ Kd7 54.
Ne4 f2 55. Nxf2 Rg5+ 56. Kd4 Rg2 57. Nd3 Rh2 58. Ne5+ Kc7 59. Re3 Rd2+ 60. Kc5
1-0

[Event "4MCRV_F"]
[Site "?"]
[Date "2004.??.??"]
[Round "?"]
[White "Sykora, Josef"]
[Black "Nosek, Jaroslav"]
[Result "1/2-1/2"]
[WhiteElo "2399"]
[BlackElo "2297"]
[PlyCount "155"]
[EventDate "2004.??.??"]
[EventType "corr"]
[SourceDate "2004.06.03"]

1. c4 Nf6 2. Nf3 b6 3. g3 Bb7 4. Bg2 c5 5. O-O g6 6. Nc3 Bg7 7. d4 cxd4 8. Qxd4
d6 9. Rd1 Nbd7 10. b3 Rc8 11. Bb2 O-O 12. Rac1 Ne4 13. Qe3 Nxc3 14. Bxc3 Nf6
15. h3 Re8 16. a4 Qc7 17. Ne1 Bxg2 18. Kxg2 Qc6+ 19. f3 Qb7 20. Qd2 Nd7 21.
Bxg7 Kxg7 22. Nc2 f6 23. Nd4 a6 24. Ne6+ Kf7 25. Nf4 Nc5 26. Rb1 Rc6 27. Nd5
Kg7 28. e4 a5 29. Qe3 Qc8 30. h4 h5 31. Rd2 Qe6 32. Nf4 Qf7 33. Ne2 Rcc8 34.
Rf1 Rc6 35. Qc3 Rcc8 36. Nf4 Rf8 37. Re1 Kh7 38. Qc2 Kg7 39. Nd5 Rc6 40. f4 Re8
41. f5 e6 42. fxe6 Qxe6 43. Rde2 Qe5 44. Re3 Rcc8 45. Qd1 Rb8 46. Rf1 Re6 47.
Qe2 Rg8 48. Rd1 Ree8 49. Nc7 Rd8 50. Rd5 Qe7 51. Nb5 Rd7 52. g4 Kf8 53. gxh5
gxh5+ 54. Kh2 Qe6 55. Nd4 Qg4 56. Qxg4 Rxg4 57. Rxh5 Nxe4 58. Nf5 Rf4 59. Re1
Kf7 60. Rg1 Nd2 61. Kg3 Re4 62. Rh7+ Ke6 63. Rxd7 Kxd7 64. Rd1 Nxb3 65. Rxd6+
Kc7 66. h5 Nc5 67. h6 Re1 68. Kg2 Nd7 69. h7 Re8 70. Re6 Rh8 71. Re7 Kc6 72.
Kf2 Ne5 73. Ne3 Kc5 74. Kg3 Nxc4 75. Rc7+ Kd6 76. Rxc4 Rxh7 77. Rc1 Rh5 78. Rb1
1/2-1/2